Responses for Show #6320 - Friday, February 24, 2012

2012-A Teachers Tournament semifinal game 3.

Contestants

[<< previous game]

Patrick Quinn, a high school German teacher from Chesterfield, Missouri

Catherine Whitten, a high school history teacher from Plano, Texas

Mary Ann Stanley, a high school chemistry and physical science teacher from Statesboro, Georgia

[next game >>]

Jeopardy! Round responses

TABLETS
HISTORIC LETTERS
FOOD & DRINK FOR THOUGHT
U.S. GEOGRAPHY
MOVIES IN REWIND?
WEBSTER'S LAST WORDS
(Alex: The correct response will be the last word under that particular letter that I give you, and it's found in Webster's 11th Edition of the Collegiate Dictionary.)
    $200 9
heartburn

Catherine
    $200 1
Marie Antoinette

Patrick
    $200 4
a Danish

Mary Ann
    $200 17
Cape Cod

Mary Ann
    $200 13
Godzilla

Catherine
    $200 24
Szechuan

Patrick
    $400 10
Tylenol

Patrick
    $400 2
Grant

Patrick
    $400 5
beer

Patrick
    $400 18
(Catherine: What is Lake Superior?)
(Patrick: What is Lake Michigan?)
...
(Alex: Yeah, they kind of narrowed it down. I was going to say this is a toughie, because we mention Michigan's Lower Peninsula.)

Lake Huron

Mary AnnCatherinePatrick
    $400 14
The Blind Side

Patrick
    $400 25
rye

Patrick
    $600 23
the thyroid

Patrick
    $1,000 3
(Patrick: Who is Dreyfus?)
(Alex: No, but it had to do with the Dreyfus situation. It was [*]. He was the author who accused--"J'accuse"--these gentlemen.)

Emile Zola

Patrick
    $600 6
fish

Mary Ann
    $600 19
(Catherine: What is the "Alle-hey-nee"?)

the Allegheny River

Catherine
    $600 15
The Curious Case of Benjamin Button

Catherine
    $600 26
(Mary Ann: What is zed?)

izzard

Mary AnnCatherine
    $800 11
(Robert Falcon) Scott

Mary Ann
    $800 7
milk

Patrick
    $800 20
the Rio Grande

Catherine
    $800 16
Leaving Las Vegas

Patrick
    $800 27
(Catherine: What is ozone?)
(Patrick: What is the ozonesphere?)
...
(Alex: You said "ozonesphere", Patrick--it's [*]--a problem with one letter of the alphabet. Sorry about that.)
[The end-of-round signal sounds.]

ozonosphere

CatherinePatrick
Triple Stumper
    $1000 12
(William Randolph) Hearst

Catherine
    $1000 8
pepper

Patrick
    $1000 21
Ribbon Falls

Triple Stumper
    $1000 22
Some Like It Hot

Catherine

Scores at the first commercial break (after clue 15):

Mary Ann Catherine Patrick
$1,600 $2,000 $2,600

Scores at the end of the Jeopardy! Round:

Mary Ann Catherine Patrick
$1,600 $3,800 $3,400

Double Jeopardy! Round responses

TECHNOLOGY MATTERS
ROMAN NUMERALS
HOSPITAL DEPARTMENTS
AUDIO BOOKS
BROADWAY
WHAT 2 Q SO LONG?
    $400 1
Kindle

Patrick
    $400 25
(Patrick: What is I-I-I--[*]?)
(Alex: [*] is right. You didn't need to do it in Roman numerals.)
(Patrick: It says ROMAN NUMERALS. [Laughs])

3

Patrick
    $400 11
heart attack

Patrick
    $400 6
(Patrick: Who is Edith Piaf?)

Julia Child

CatherinePatrick
    $400 16
Hair

Mary Ann
    $400 21
Albuquerque

Mary Ann
    $800 2
piracy

Patrick
    $800 26
7

Catherine
    $800 12
burn unit (or burn center)

Patrick
    $800 7
The Tempest

Mary Ann
    $800 17
Andrew Lloyd Webber

Triple Stumper
    $800 22
quid pro quo

Catherine
    $1200 3
Siri

Mary Ann
    $1200 27
138

Patrick
    $1200 13
physical therapy

Mary Ann
    $1200 8
The Secret

Patrick
    $1200 18
(Catherine: What is Oklahoma?)

Porgy and Bess

Catherine
Triple Stumper
    $1200 23
Queequeg

Mary Ann
    $1600 4
flash drives

Triple Stumper
    $1600 28
[The end-of-round signal sounds.]

6

Catherine
    $3,000 14
[Alex pronounces the acronyms as "nick-you" and "jick-you" respectively.]

Geriatric Intensive Care Unit

Mary Ann
    $1600 9
The Lorax

Mary Ann
    $1600 19
(Mary Ann: Who is George M. Cohan?)

Irving Berlin

Mary Ann
Triple Stumper
    $1600 24
harlequinesque

Patrick
    $2000 5
ultraviolet

Patrick
    $2000 15
radiology

Mary Ann
    $2000 10
Moneyball

Triple Stumper
    $2,000 20
(Alex: [*]--John, Lionel, and Ethel. Right you are.)

the Barrymores

Mary Ann

Scores at the end of the Double Jeopardy! Round:

Mary Ann Catherine Patrick
$13,800 $6,200 $11,800

[wagering suggestions for these scores]

Final Jeopardy! Round responses

LITERARY BIOGRAPHIES
(Alex: The correct response--that's one of the lines from Slaughterhouse-Five by [*].)
...
(Alex: You're gonna play for $100,000 next week. Hard way to win, but you're the victor. Here are your two opponents. It's gonna be an all-guy affair.)
(Justin: Justin Hofstetter, Alta Vista Charter Middle School, Kansas City, Missouri.)
(Brooks: Brooks Humphreys, Mercy High School, Omaha, Nebraska.)
(Alex: And we start on Monday. Join us then. So long, everybody.)
CatherineWho is Mark Twain?
$6,200
PatrickWho is Wilde? Dickens
$6,011
Mary AnnWho is Walter Cronkite?
$13,750
Kurt Vonnegut, Jr.

Final scores:

Mary Ann Catherine Patrick
$50 $0 $5,789
2nd place: $10,000 3rd place: $10,000 Finalist

Game dynamics:

Coryat scores:

Mary Ann Catherine Patrick
$12,400 $6,200 $12,800
15 R
(including 2 DDs),
2 W
12 R,
3 W
20 R,
4 W
(including 1 DD)

Combined Coryat: $31,400

[game clues] [game scores] [suggest correction]

Game tape date: 2012-01-24
The J! Archive is created by fans, for fans. Scraping, republication, monetization, and malicious use prohibited; this site may use cookies and collect identifying information. See terms. The Jeopardy! game show and all elements thereof, including but not limited to copyright and trademark thereto, are the property of Jeopardy Productions, Inc. and are protected under law. This website is not affiliated with, sponsored by, or operated by Jeopardy Productions, Inc. Join the discussion at JBoard.tv.